LANGMAN'S MEDICAL EMBRYOLOGY (Record no. 29200)

MARC details
000 -LEADER
fixed length control field 00393nam a22001697a 4500
003 - CONTROL NUMBER IDENTIFIER
control field SGT
020 ## - INTERNATIONAL STANDARD BOOK NUMBER
International Standard Book Number 9789395736367
082 ## - DEWEY DECIMAL CLASSIFICATION NUMBER
Classification number 611
Item number L24M
100 ## - MAIN ENTRY--PERSONAL NAME
Personal name MISHRA, SABITA,ed.
245 ## - TITLE STATEMENT
Title LANGMAN'S MEDICAL EMBRYOLOGY
250 ## - EDITION STATEMENT
Edition statement 2ND
260 ## - PUBLICATION, DISTRIBUTION, ETC. (IMPRINT)
Place of publication, distribution, etc NEW DELHI
Name of publisher, distributor, etc WOLTERS KLUWER
Year of Publication 2024
300 ## - PAGE DESCRIPTION
No. of Pages 346
650 ## - SUBJECT ADDED ENTRY--TOPICAL TERM
Topical term or geographic name as entry element EMBRYOLOGY
653 ## - KEYWORDS--INDEX TERM
Keyword term LANGMAN'S, MEDICAL, EMBRYOLOGY
942 ## - ADDED ENTRY ELEMENTS (KOHA)
Source of classification or shelving scheme Dewey Decimal Classification
Koha item type Books
Holdings
Withdrawn status Lost status Source of classification or shelving scheme Damaged status Not for loan Collection code Home library Current library Shelving location Date acquired Vendor Name Cost, normal purchase price SGTU Bill Number Total Checkouts Full call number Accession No. (Barcode) Date last seen Date last borrowed Bill Date Koha item type Use restrictions
    Dewey Decimal Classification     AYURVEDA SGT FA-FP Library SGT FA-FP Library Text Book 21/01/2025 AHUJA PUB. 1449.00 SGTU 19920 3 611 L24M FA12686 05/02/2026 21/01/2026 21/11/2024 Books  
    Dewey Decimal Classification     AYURVEDA SGT FA-FP Library SGT FA-FP Library Reference Book 21/01/2025 AHUJA PUB. 1449.00 SGTU 19920   611 L24M FA12687 21/01/2025   21/11/2024 Books Restricted Access
    Dewey Decimal Classification     AYURVEDA SGT FA-FP Library SGT FA-FP Library Text Book 21/01/2025 AHUJA PUB. 1449.00 SGTU 19920 3 611 L24M FA12688 30/01/2026 19/01/2026 21/11/2024 Books